000 00281nam a2200109Ia 4500
008 221030s9999 xx 000 0 und d
245 0 _aDigitalisation in Banking & its Impact on Industries
260 _bHDFC Bank
_aJammu
_c2018
300 _a44
650 _aManagement
942 _cTH
999 _c18401
_d18401